000 01275 a2200277 4500
001 60437
005 20260407155855.0
008 260407a2000 arg spa d
003 AR-UNSa-BCEJYS
040 _aAR-UNSa-BCEJYS
_bspa
_cAR-UNSa-BCEJYS
080 _a349.2
_xDerecho del Trabajo
245 1 0 _aLey, Mercado y discriminación
_pEl género del trabajo
020 _a950-789-261-7
264 1 _aBuenos Aires :
_bBiblos
_c2000
300 _a147 p.
_c22 cm.
505 _a1. La discriminación laboral de la mujer en las normas legales y convencionales y en la jurisprudencia en la Argentina / Mario E. Ackerman - 2. La divisón sexual del trabajo: permanencias y cambios / Matilde Mercado – 3. ¿Ser madre o trabajar?: la situación de las mujeres en el mercado laboral / Laura Golbert – 4. Arreglos institucionales y trabajo femenino / Rosalía Cortés – 5. El impacto de las reformas estructurales y la nueva legislación laboral sobre la mujer en la Argentina / Laura C. Pautassi -
041 _aspa
942 _cBK
590 _aniveau_biblio:m niveau_hierar:0
100 1 _aBirgin, Haydée
700 1 _aAckerman, Mario E.
700 1 _aCortés, Rosalia
700 1 _aGolbert, Laura
700 1 _aMercado, Matilde
700 1 _aPautassi, Laura C.
999 _c6990
_d6990